Youtubeurs-Rappeurs français - Statistiques

Statistiques générales
  • Ce quiz a été pris 538 fois
  • Le résultat moyen est 3 sur 8
Statistiques - réponses
Album/EP/Mixtape Réponse % Correct
Double V, MVP Mister V
92%
Oxyz Squeezie
73%
My Life Michou
59%
ZZCCMXTP KronoMuzik, Ronare, Pandrezz
34%
Crash Test SEB
29%
U.S.S.O, Xander, RE. PRIME
28%
On arrive THEODORT
17%
ALPHA Luther (TheoBabac)
4%
Aucun quiz correspondant
Distribution des résultats
% des personnes avec chaque résultat
Percentile par nombre de réponses
Votre historique - résultats
Vous n’avez pas pris ce quiz